Loading...
| History - World | 0 | 6 | 1 | 0 | 55 | 22 | 41.17 | 2 | 5 | 16.69 | 21.75 |
| Mythology | 0 | 4 | 0 | 0 | 40 | 34 | 54.50 | 0 | 3 | 9.46 | 13.47 |
| Pop Culture | 0 | 3 | 0 | 0 | 30 | 27 | 57.67 | 0 | 2 | 12.06 | 10.57 |
| Religion | 0 | 3 | 0 | 0 | 30 | 69 | 88.67 | 0 | 2 | 3.13 | 7.95 |
| History - Other | 0 | 3 | 1 | 0 | 25 | 76 | 80.67 | 0 | 1 | 7.26 | 13.39 |
| Literature - World | 0 | 2 | 0 | 0 | 20 | 56 | 62.50 | 1 | 2 | 3.74 | 7.14 |
| Fine Arts - Classical Music | 0 | 2 | 0 | 0 | 20 | 74 | 75.00 | 0 | 1 | 4.44 | 7.95 |
| Literature - British | 0 | 2 | 0 | 0 | 20 | 51 | 73.00 | 0 | 2 | 3.25 | 7.22 |
| History - European | 0 | 2 | 1 | 0 | 15 | 54 | 58.50 | 1 | 2 | 4.41 | 8.52 |
| Science - Biology | 0 | 1 | 0 | 1 | 10 | 98 | 98.00 | 0 | 1 | 0.00 | 0.57 |
| Geography | 0 | 1 | 0 | 1 | 10 | 118 | 118.00 | 0 | 0 | 0.00 | 1.25 |
| History - American | 0 | 1 | 0 | 1 | 10 | 97 | 97.00 | 0 | 0 | 3.48 | 5.93 |
| Current Events | 0 | 1 | 0 | 0 | 10 | 44 | 44.00 | 0 | 1 | 4.63 | 4.76 |
| Literature - European | 0 | 0 | 1 | 0 | -5 | 0.00 | 0 | 0 | 0.00 | 0.00 |